000 02368nam a22005537a 4500
001 000061766
003 CHAP
005 20220329140953.0
008 971013s r 00010 d
010 _a60694
011 _a61666
035 _a65834
040 _cCHAP
090 _aFolleto 2408
110 2 _aFondo de Garantía y Fomento para la Agricultura, Ganadería y Avicultura. México
_942107
245 1 0 _aMemoria del curso de adiestramiento Fondo de Garantía.
260 _aMéxico :
_b(El Fondo),
_c19--.
300 _av.
500 _aLa biblioteca tiene: 1966-67, 1968, 1969, 1970, 1971, 1972, 1974, 1975
500 _aTítulo varía
590 _aBATCH-UPD
_b10
_c20130110
_lUCH01
_h1845
590 _aBATCH-UPD
_b10
_c20130410
_lUCH01
_h1215
590 _aBATCH-UPD
_b10
_c20130914
_lUCH01
_h1102
590 _aCONVERSION
_b10
_c20130109
_lUCH01
_h1333
590 _aE5995AHE
_b05
_c20150203
_lUCH01
_h1104
590 _aE5995AHE
_b05
_c20150203
_lUCH01
_h1324
650 1 4 _aCrédito agrícola
_zMéxico.
_929089
901 _aBK
942 _cFOLL
942 _n0
949 _aFolleto 2408
_bBC
_cFOLL
_d-149762
_eTS1
_f1966-67
_i65834
_si
949 _aFolleto 2408
_bBC
_cFOLL
_d-149763
_eTS2
_f1966-67 c.2
_i65834
_si
949 _aFolleto 2408
_bBC
_cFOLL
_d-149764
_eTS1
_f1968
_i65834
_si
949 _aFolleto 2408
_bBC
_cFOLL
_d-149765
_eTS2
_f1968 c.2
_i65834
_si
949 _aFolleto 2408
_bBC
_cFOLL
_d-149766
_eTS1
_f1969
_i65834
_si
949 _aFolleto 2408
_bBC
_cFOLL
_d-149767
_eTS2
_f1969 c.2
_i65834
_si
949 _aFolleto 2408
_bBC
_cFOLL
_d-149768
_eTS1
_f1970
_i65834
_si
949 _aFolleto 2408
_bBC
_cFOLL
_d-149769
_eTS2
_f1970 c.2
_i65834
_si
949 _aFolleto 2408
_bBC
_cFOLL
_d-149770
_eTS2
_f1970 c.3
_i65834
_si
949 _aFolleto 2408
_bBC
_cFOLL
_d-149771
_eTS1
_f1971
_i65834
_si
949 _aFolleto 2408
_bBC
_cFOLL
_d-149772
_eTS2
_f1971 c.2
_i65834
_si
949 _aFolleto 2408
_bBC
_cFOLL
_d-149773
_eTS2
_f1971 c.3
_i65834
_si
949 _aFolleto 2408
_bBC
_cFOLL
_d-149774
_eTS1
_f1972
_i65834
_si
949 _aFolleto 2408
_bBC
_cFOLL
_d-149775
_eTS2
_f1972 c.2
_i65834
_si
949 _aFolleto 2408
_bBC
_cFOLL
_d-149776
_eTS1
_f1974
_i65834
_si
949 _aFolleto 2408
_bBC
_cFOLL
_d-149777
_eTS2
_f1974 c.2
_i65834
_si
949 _aFolleto 2408
_bBC
_cFOLL
_d-149778
_eTS1
_f1975
_i65834
_si
949 _aFolleto 2408
_bBC
_cFOLL
_d-149779
_eTS2
_f1975 c.2
_i65834
_si
999 _c60694
_d60694